| Record ID | ia:cancelallourvows00macd |
| Source | Internet Archive |
| Download MARC XML | https://archive.org/download/cancelallourvows00macd/cancelallourvows00macd_marc.xml |
| Download MARC binary | https://www.archive.org/download/cancelallourvows00macd/cancelallourvows00macd_meta.mrc |
LEADER: 00728cam 2200241Ii 4500
001 ocm05338116
003 OCoLC
005 20101018104045.0
008 790904s1953 ctu 000 1 eng d
040 $aFHM$cFHM$dOCL$dOCLCG$dRRR
019 $a12709137
020 $a0449137643
020 $a9780449137642
035 $a(OCoLC)5338116$z(OCoLC)12709137
050 4 $aPS3563.A28$bC3 1953
082 04 $a813.54$219
100 1 $aMacDonald, John D.$q(John Dann),$d1916-1986.
245 10 $aCancel all our vows /$cJohn D. MacDonald.
260 $aGreenwich, Conn. :$bFawcett Publications,$cc1953.
300 $a256 p. ;$c19 cm.
500 $a"A Fawcett gold medal book."
994 $aZ0$bPMR
948 $hNO HOLDINGS IN PMR - 28 OTHER HOLDINGS